| 000 | 01986cad a22003015a 4500 | ||
|---|---|---|---|
| 001 | L159051 | ||
| 008 | 111010s2015 xxkao f 000 0 eng d | ||
| 035 | _a(Sirsi) u159051 | ||
| 041 | 0 | _aeng | |
| 050 | 0 | 4 | _218 |
| 110 | 2 |
_aTown and Country Planning Association _93022 |
|
| 245 | 0 | 0 |
_aNo regrets _bPlanning for sea level rise and climate change and investigating in adaptation _h[electronic resource] |
| 260 |
_aLondon _bTCPA _c2015 |
||
| 505 | 2 | _aIntroduction -- Sea level rise, climate change and the risks to coastal communities -- Options for adaptation -- Delivering adaptation through planning and infrastructure investment -- Stakeholders and responsibilities -- Conclusions -- Further information | |
| 520 | _aSets out how decision-makers in planning and infrastructure investment can work with communities to plan for adaptation to sea level rise and climate change in coastal areas. This guide is designed to encourage and enable decision-makers to help coastal communities plan how best to adapt to sea level rise and climate change. It describes the risks, explains why adaptation is necessary, demonstrates that it is achievable, makes the case for investment and highlights the benefits of getting it right. Some of the options for adaptation in coastal areas are discussed and good practice tips are provided for planning, investment and project delivery, illustrated with a series of case studies. | ||
| 521 | _aAdvanced | ||
| 590 | _aKA NTK | ||
| 650 | 2 | 4 | _aCLIMATE CHANGE |
| 650 | 2 | 4 | _aINFRASTRUCTURE INVESTMENT |
| 650 | 2 | 4 | _aCOASTAL PLANNING |
| 650 | 2 | 4 | _aSEA LEVEL RISE |
| 651 | 4 | _aUnited Kingdom | |
| 690 |
_aInfrastructure _96246 |
||
| 690 |
_aPlanning and development _96259 |
||
| 710 | 1 | _aSouthern Regional Flood and Coastal Committee | |
| 856 | 4 | 0 |
_uhttps://www.tcpa.org.uk/pages/no-regrets-planning-for-sea-level-rise-and-climate-change-and-investing-in-adaptation-.html _zView the item free of charge online at www.tcpa.org.uk |
| 942 | _n0 | ||
| 999 |
_c115648 _d115648 |
||